RICS Sanctions Policy: (Record no. 121772)

MARC details
000 -LEADER
fixed length control field 01342nam a22001937a 4500
005 - DATE AND TIME OF LATEST TRANSACTION
control field 20260224094653.0
008 - FIXED-LENGTH DATA ELEMENTS--GENERAL INFORMATION
fixed length control field 240116s2022 xxk|||||o|||| 00| 0 eng d
041 ## - LANGUAGE CODE
Language code of text/sound track or separate title eng
110 ## - MAIN ENTRY--CORPORATE NAME
Corporate author Royal Institution of Chartered Surveyors
245 ## - TITLE STATEMENT
Title RICS Sanctions Policy:
Subtitle Supplement 1 Sanction Guidelines version 8
Medium [Electronic resource]
260 ## - PUBLICATION INFORMATION
Place of publication London,
Publisher Royal Institution of Chartered Surveyors,
Date 2022
500 ## - GENERAL NOTE
General note with effect from 2 February 2022
520 ## - ABSTRACT
Abstract These guidelines provide further guidance to that contained in the Sanctions Policy. They are<br/>designed to supplement the guidance set out in the Sanctions Policy, and do not replace or<br/>override it.<br/>This document sets out guidelines about some specific Rules where further information may be<br/>helpful. They do not cover every Rule and are not intended to do so.<br/>The guidelines provide a framework to assist the decision-maker in deciding upon the most<br/>appropriate level of Sanction (if any), and list mitigating and aggravating factors that may be<br/>applicable to a particular type of Rule breach
651 ## - SUBJECT ADDED ENTRY--GEOGRAPHIC NAME
Geographic name United Kingdom
690 ## - BROAD SUBJECT
9 (RLIN) 6277
Broad subject RICS
710 ## - ADDED CORPORATE NAME
Added corporate author Royal Institution of Chartered Surveyors
856 ## - ONLINE RESOURCE
Uniform Resource Identifier <a href="https://www.rics.org/content/dam/ricsglobal/documents/regulation/rics-sanctions-policy-supplement-1.pdf">https://www.rics.org/content/dam/ricsglobal/documents/regulation/rics-sanctions-policy-supplement-1.pdf</a>
Public note Available free on RICS.org
942 ## - ADDED ENTRY ELEMENTS (KOHA)
Suppress in OPAC Do not suppress in OPAC
Holdings
Lost status Damaged status Not for loan Current library Shelving location Date acquired Total Checkouts Full call number Date last seen Price effective from Koha item type
      Virtual   16/01/2024   ONLINE PUBLICATION 16/01/2024 16/01/2024 Online material